Selling recyclables : local governments as entrepreneurs /

Bibliographic Details
Main Author: Bjornlund, Lydia, 1961-
Corporate Author: International City/County Management Association
Format: Book
Language:English
Published: Washington, D.C. : International City/County Management Association, [1997]
Series:Special data issue ; no. 1 (1997)
Subjects:

MARC

Tag First Indicator Second Indicator Subfields
LEADER 00000cam a2200000 a 4500
001 in00001402513
005 20151020055418.0
008 980114s1997 dcu 000 0 eng d
020 |a 0873268768 
035 |a (OCoLC)38202581 
035 |9 AHN4388AM 
040 |a KSG  |c KSG  |d TXA  |d UtOrBLW 
043 |a n-us--- 
049 |a TXAM 
090 |a TD794.5  |b .B56 1997 
100 1 |a Bjornlund, Lydia,  |d 1961- 
245 1 0 |a Selling recyclables :  |b local governments as entrepreneurs /  |c by Lydia Bjornlund. 
246 3 0 |a Local governments as entrepreneurs 
264 1 |a Washington, D.C. :  |b International City/County Management Association,  |c [1997] 
264 4 |c ©1997 
300 |a 97 pages ;  |c 28 cm. 
336 |a text  |b txt  |2 rdacontent 
337 |a unmediated  |b n  |2 rdamedia 
338 |a volume  |b nc  |2 rdacarrier 
490 1 |a Special data issue ;  |v no. 1 (1997) 
500 |a Chiefly tables. 
500 |a Caption title. 
650 0 |a Recycling (Waste, etc.)  |z United States. 
650 0 |a Recycling (Waste, etc.)  |x Economic aspects. 
650 0 |a Refuse and refuse disposal  |z United States. 
710 2 |a International City/County Management Association. 
830 0 |a Special data issue ;  |v no. 1 (1997) 
948 |a c:cer  |d 20021105 
999 |a MARS 
999 f f |s 6b84821e-420f-33a3-8474-94d8afb4ea7d  |i dac857a5-b28f-358f-ac2e-e4df291c7f18  |t 0 
952 f f |p ric  |a Texas A&M University  |b Rellis Campus  |c Joint Library Facility  |d Remote Storage  |t 0  |e TD794.5 .B56 1997  |h Library of Congress classification  |i unmediated -- volume  |m A14822101780 
998 f f |a TD794.5 .B56 1997  |t 0  |l Remote Storage